000
00295nam a2200121Ia 4500
008
240719s9999 xx 000 0 und d
041
_a
eng
082
_a
920 GHO
100
_a
Ghose, Sagarika
245
_a
Atal Bihari Vajpayee
260
_a
New Delhi
_b
Juggernaut
_c
2021
300
_a
414 P.; 24 Cm
999
_c
41163
_d
41163